Il bacio della donna ragno /

সংরক্ষণ করুন:
গ্রন্থ-পঞ্জীর বিবরন
প্রধান লেখক: Puig, Manuel
অন্যান্য লেখক: Morino, Angelo
বিন্যাস: গ্রন্থ
ভাষা:ইতালিয়
প্রকাশিত: Milano : Feltrinelli, 2010
মালা:Universale economica ; 2147
ট্যাগগুলো: ট্যাগ যুক্ত করুন
কোনো ট্যাগ নেই, প্রথমজন হিসাবে ট্যাগ করুন!

MARC

LEADER 00000nam a22000007i 4500
001 IT\ICCU\VIA\0184275
003 ItRI
005 20250429111348.0
008 100122s2010 it |||||| ||||| |||||c
020 |a 9788807721472 
040 |b ita  |c Arcigay Queer VdA 
041 7 |a ita  |2 ISO-639-2 
100 1 |a Puig, Manuel  |0 IT\ICCU\CFIV\004029 
240 1 3 |a El beso de la mujer araña  |9 Puig, Manuel 
245 1 3 |a Il bacio della donna ragno /  |c Manuel Puig ; traduzione di Angelo Morino. 
260 |a Milano :  |b Feltrinelli,  |c 2010 
300 |a 238 p. ;  |c 20 cm. 
700 1 |a Morino, Angelo  |0 IT\ICCU\CFIV\011742 
830 0 |a Universale economica ;  |v 2147  |0 IT\ICCU\CFI\0001103 
942 |2 ddc  |c BK 
952 |0 0  |1 0  |2 ddc  |4 0  |6 863_440000000000000_PUI_BAC  |7 1  |9 4046  |a AO  |b AO  |d 2025-04-29  |l 0  |o 863.44 PUI BAC  |p 11231  |r 2025-04-29 11:14:08  |w 2025-04-29  |y BK 
981 1 |6 z01  |a i   |b xxxe  
982 1 |6 z01  |a n 
999 |c 3139  |d 3139